[Event "euyr2018"]
[Site "?"]
[Date "2018.05.26"]
[Round "5.15"]
[White "Bochnicka, Vladimir"]
[Black "Jun, Rudolf Jr."]
[Result "0-1"]
[BlackElo "1624"]
[WhiteElo "1799"]
[LiveChessVersion "1.4.8"]

1. e4 {[%clk 0:20:18]} c5 {[%clk 0:20:18]} 2. Nf3 {[%clk 0:20:27]} Nc6
{[%clk 0:20:26]} 3. c3 {[%clk 0:20:34]} d5 {[%clk 0:20:30]} 4. exd5
{[%clk 0:20:38]} Qxd5 {[%clk 0:20:39]} 5. d4 {[%clk 0:20:38]} cxd4
{[%clk 0:20:45]} 6. cxd4 {[%clk 0:20:43]} e5 {[%clk 0:20:49]} 7. dxe5
{[%clk 0:19:06]} Qxd1+ {[%clk 0:20:57]} 8. Kxd1 {[%clk 0:19:16]} Bf5
{[%clk 0:20:55]} 9. Nc3 {[%clk 0:18:47]} O-O-O+ {[%clk 0:20:56]} 10. Ke1
{[%clk 0:18:11]} Nb4 {[%clk 0:20:49]} 11. Nh4 {[%clk 0:12:08]} Nc2+ 12. Ke2 Bd3+
{[%clk 0:20:42]} 13. Kd2 {[%clk 0:12:01]} Bg6+ {[%clk 0:20:44]} 14. Ke2
{[%clk 0:12:00]} Nxa1 {[%clk 0:20:52]} 15. Nxg6 {[%clk 0:12:04]} hxg6
{[%clk 0:20:56]} 16. Be3 {[%clk 0:10:59]} Nc2 {[%clk 0:19:56]} 17. Bxa7
{[%clk 0:10:56]} Nd4+ {[%clk 0:20:02]} 18. Ke1 {[%clk 0:10:34]} Bb4
{[%clk 0:19:36]} 19. Bc4 {[%clk 0:10:04]} Bxc3+ {[%clk 0:19:07]} 20. bxc3
{[%clk 0:10:13]} Nc6 {[%clk 0:19:15]} 21. Bb6 {[%clk 0:10:17]} Rd7
{[%clk 0:18:41]} 22. f4 {[%clk 0:09:58]} g5 {[%clk 0:18:02]} 23. e6
{[%clk 0:09:44]} Re7 {[%clk 0:17:51]} 24. Bc5 {[%clk 0:09:36]} Re8
{[%clk 0:17:53]} 25. e7 {[%clk 0:08:47]} Ngxe7 {[%clk 0:17:21]} 26. Bxf7
{[%clk 0:08:50]} Nd5+ {[%clk 0:16:19]} 27. Bxe8 {[%clk 0:08:55]} Rxe8+
{[%clk 0:16:29]} 28. Kd2 {[%clk 0:08:12]} gxf4 {[%clk 0:16:28]} 29. Rf1
{[%clk 0:07:52]} Ne5 {[%clk 0:15:45]} 30. Bd4 {[%clk 0:07:13]} Nc4+
{[%clk 0:15:42]} 31. Kd3 {[%clk 0:07:20]} Nb2+ {[%clk 0:15:26]} 32. Kd2
{[%clk 0:07:09]} g5 {[%clk 0:15:07]} 33. g3 {[%clk 0:06:35]} Nc4+
{[%clk 0:14:52]} 34. Kd3 {[%clk 0:06:43]} Nce3 {[%clk 0:14:23]} 35. Re1
{[%clk 0:06:49]} Kd7 {[%clk 0:12:19]} 36. gxf4 {[%clk 0:05:36]} Nxf4+
{[%clk 0:11:54]} 37. Kd2 {[%clk 0:05:44]} Nc4+ {[%clk 0:11:43]} 38. Kd1
{[%clk 0:05:52]} Ra8 {[%clk 0:11:04]} 39. Kc2 {[%clk 0:05:09]} b5
{[%clk 0:10:36]} 40. Bf6 {[%clk 0:02:55]} Rxa2+ {[%clk 0:10:40]} 41. Kb1
{[%clk 0:02:53]} Rb2+ {[%clk 0:10:20]} 42. Ka1 {[%clk 0:03:00]} Nd3
{[%clk 0:10:02]} 43. Rd1 {[%clk 0:02:59]} Nd2 {[%clk 0:10:05]} 44. Rxd2
{[%clk 0:02:35]} Rxd2 {[%clk 0:10:11]} 45. Bxg5 {[%clk 0:02:44]} Rxh2
{[%clk 0:10:15]} 0-1

[Event "euyr2018"]
[Site "?"]
[Date "2018.05.26"]
[Round "5.16"]
[White "Gyerpal, Adrian"]
[Black "Popovic, Martin"]
[Result "0-1"]
[BlackElo "1537"]
[WhiteElo "1733"]
[LiveChessVersion "1.4.8"]

1. d4 {[%clk 0:20:18]} Nf6 {[%clk 0:20:17]} 2. c4 {[%clk 0:20:26]} e6
{[%clk 0:20:26]} 3. Nf3 {[%clk 0:20:33]} d5 {[%clk 0:20:33]} 4. g3
{[%clk 0:20:40]} Be7 {[%clk 0:20:34]} 5. Bg2 {[%clk 0:20:48]} O-O
{[%clk 0:20:36]} 6. O-O {[%clk 0:20:53]} Nbd7 {[%clk 0:20:19]} 7. cxd5
{[%clk 0:18:36]} exd5 {[%clk 0:20:12]} 8. Nc3 {[%clk 0:18:39]} c5
{[%clk 0:17:05]} 9. Ne5 {[%clk 0:16:06]} Nb6 {[%clk 0:14:30]} 10. dxc5
{[%clk 0:12:47]} Bxc5 {[%clk 0:14:28]} 11. Nd3 {[%clk 0:12:47]} Bd6
{[%clk 0:12:55]} 12. Bf4 {[%clk 0:11:32]} Bf5 {[%clk 0:11:45]} 13. Bxd6
{[%clk 0:09:55]} Qxd6 {[%clk 0:11:52]} 14. Nf4 {[%clk 0:09:50]} Rfd8
{[%clk 0:10:50]} 15. Rc1 {[%clk 0:06:47]} a6 {[%clk 0:09:06]} 16. e3
{[%clk 0:05:58]} Rac8 {[%clk 0:07:47]} 17. Ncxd5 {[%clk 0:02:54]} Nfxd5
{[%clk 0:07:36]} 18. Rxc8 {[%clk 0:03:02]} Bxc8 {[%clk 0:07:25]} 19. Nxd5
{[%clk 0:03:10]} Nxd5 {[%clk 0:07:34]} 20. Qb3 {[%clk 0:03:16]} Nb6
{[%clk 0:06:34]} 21. Bf3 {[%clk 0:02:47]} Be6 {[%clk 0:06:38]} 22. Qc3
{[%clk 0:02:14]} Rc8 {[%clk 0:05:41]} 23. Qa5 {[%clk 0:02:23]} Nc4
{[%clk 0:05:36]} 24. Qg5 {[%clk 0:02:27]} Nd2 {[%clk 0:05:26]} 25. Bxb7
{[%clk 0:02:22]} Rb8 {[%clk 0:05:06]} 26. Rd1 {[%clk 0:00:48]} Rxb7
{[%clk 0:05:01]} 27. Qf4 {[%clk 0:00:47]} Qxf4 {[%clk 0:05:02]} 28. exf4
{[%clk 0:00:55]} Rxb2 {[%clk 0:05:05]} 29. Kg2 {[%clk 0:00:59]} g6
{[%clk 0:05:06]} 30. h3 {[%clk 0:01:01]} Rxa2 {[%clk 0:05:12]} 31. g4
{[%clk 0:01:09]} a5 {[%clk 0:05:06]} 32. Kg3 {[%clk 0:01:11]} a4 {[%clk 0:05:09]}
33. Kh4 {[%clk 0:01:15]} Ne4 {[%clk 0:05:03]} 34. f3 {[%clk 0:01:20]} Nc5
{[%clk 0:04:52]} 35. Kg5 {[%clk 0:01:22]} Kg7 {[%clk 0:04:52]} 36. f5
{[%clk 0:01:30]} h6+ {[%clk 0:04:42]} 37. Kf4 {[%clk 0:01:34]} Bb3
{[%clk 0:04:43]} 38. Rd8 {[%clk 0:01:37]} gxf5 {[%clk 0:04:29]} 39. gxf5
{[%clk 0:01:32]} Re2 {[%clk 0:04:15]} 40. Rd6 {[%clk 0:01:35]} a3
{[%clk 0:04:13]} 41. f6+ {[%clk 0:01:39]} Kg6 {[%clk 0:04:18]} 42. h4
{[%clk 0:01:36]} a2 {[%clk 0:04:15]} 43. h5+ {[%clk 0:01:20]} Kxh5
{[%clk 0:04:18]} 44. Rc6 {[%clk 0:01:16]} Ne6+ {[%clk 0:04:03]} 45. Kg3
{[%clk 0:01:12]} a1=Q {[%clk 0:04:06]} 0-1

[Event "euyr2018"]
[Site "?"]
[Date "2018.05.26"]
[Round "5.17"]
[White "Mica, Marek"]
[Black "Malyovanyi, Yulian"]
[Result "0-1"]
[BlackElo "1972"]
[WhiteElo "1801"]
[LiveChessVersion "1.4.8"]

1. d4 {[%clk 0:20:16]} Nf6 {[%clk 0:20:20]} 2. c4 {[%clk 0:20:24]} g6
{[%clk 0:20:29]} 3. Nf3 {[%clk 0:20:32]} Bg7 {[%clk 0:20:38]} 4. g3
{[%clk 0:20:36]} O-O {[%clk 0:20:46]} 5. Bg2 {[%clk 0:20:44]} d6 {[%clk 0:20:55]}
6. O-O {[%clk 0:20:50]} Nc6 {[%clk 0:21:03]} 7. Nc3 {[%clk 0:20:58]} a6
{[%clk 0:21:12]} 8. h3 {[%clk 0:21:01]} Bd7 {[%clk 0:21:19]} 9. e4
{[%clk 0:21:04]} e5 {[%clk 0:18:59]} 10. dxe5 {[%clk 0:20:30]} Nxe5
{[%clk 0:17:55]} 11. Nxe5 {[%clk 0:20:37]} dxe5 {[%clk 0:18:04]} 12. Bg5
{[%clk 0:20:45]} h6 {[%clk 0:15:32]} 13. Be3 {[%clk 0:20:22]} Be6
{[%clk 0:15:38]} 14. Nd5 {[%clk 0:19:32]} Nd7 {[%clk 0:13:19]} 15. Qd2
{[%clk 0:18:44]} Kh7 {[%clk 0:12:04]} 16. Qb4 {[%clk 0:17:38]} b6
{[%clk 0:07:48]} 17. Rfd1 {[%clk 0:17:17]} c5 {[%clk 0:07:08]} 18. Qa4
{[%clk 0:16:45]} Ra7 {[%clk 0:05:19]} 19. Rd3 {[%clk 0:15:39]} Bxd5
{[%clk 0:05:21]} 20. Rxd5 {[%clk 0:15:40]} Qc7 {[%clk 0:03:32]} 21. Rad1
{[%clk 0:15:32]} Nb8 {[%clk 0:02:35]} 22. Rd6 {[%clk 0:14:10]} Rc8
{[%clk 0:02:04]} 23. f4 {[%clk 0:13:48]} Nc6 {[%clk 0:02:00]} 24. R6d2
{[%clk 0:11:09]} Nd4 {[%clk 0:02:08]} 25. Bxd4 {[%clk 0:11:09]} cxd4
{[%clk 0:01:51]} 26. fxe5 {[%clk 0:10:50]} Bxe5 {[%clk 0:01:25]} 27. b3
{[%clk 0:10:32]} Qc5 {[%clk 0:01:01]} 28. Bf1 {[%clk 0:06:56]} a5
{[%clk 0:00:30]} 29. Rd3 {[%clk 0:06:35]} Qb4 {[%clk 0:00:22]} 30. Rf3
{[%clk 0:05:18]} Qxa4 {[%clk 0:00:22]} 31. bxa4 {[%clk 0:05:27]} Kg7
{[%clk 0:00:31]} 32. Rb1 {[%clk 0:05:34]} Rc6 {[%clk 0:00:39]} 33. Rfb3
{[%clk 0:05:36]} Rb7 {[%clk 0:00:16]} 34. Bd3 {[%clk 0:05:40]} Bxg3
{[%clk 0:00:16]} 35. Kg2 {[%clk 0:05:25]} Bd6 {[%clk 0:00:25]} 36. e5
{[%clk 0:05:32]} Bc5 {[%clk 0:00:25]} 37. Be4 {[%clk 0:05:40]} Rbc7
{[%clk 0:00:34]} 38. Bxc6 {[%clk 0:05:41]} Rxc6 {[%clk 0:00:43]} 39. Rf3
{[%clk 0:05:48]} Re6 {[%clk 0:00:46]} 40. Rbf1 {[%clk 0:05:55]} Re7
{[%clk 0:00:51]} 41. Rf6 {[%clk 0:05:53]} d3 {[%clk 0:00:49]} 42. e6
{[%clk 0:05:32]} fxe6 {[%clk 0:00:57]} 43. R6f3 {[%clk 0:05:31]} Rd7
{[%clk 0:01:05]} 44. Rd1 {[%clk 0:05:37]} d2 {[%clk 0:01:14]} 45. Kf1
{[%clk 0:05:39]} e5 {[%clk 0:01:23]} 46. Ke2 {[%clk 0:05:46]} e4 {[%clk 0:01:33]}
47. Rg3 {[%clk 0:05:52]} e3 {[%clk 0:01:40]} 48. Rdg1 {[%clk 0:05:49]} Rd6
{[%clk 0:01:49]} 49. Rf3 {[%clk 0:05:47]} Rf6 {[%clk 0:01:17]} 50. Rgf1
{[%clk 0:05:48]} Rxf3 {[%clk 0:01:25]} 51. Rxf3 {[%clk 0:05:57]} g5
{[%clk 0:01:28]} 52. h4 {[%clk 0:05:44]} gxh4 {[%clk 0:00:58]} 53. Rh3
{[%clk 0:05:52]} Kg6 {[%clk 0:01:07]} 54. Rxh4 {[%clk 0:06:01]} Kg5
{[%clk 0:01:16]} 55. Rh1 {[%clk 0:06:05]} h5 {[%clk 0:01:21]} 56. Rg1+
{[%clk 0:06:12]} Kf5 {[%clk 0:01:24]} 57. Rh1 {[%clk 0:06:19]} Ke5
{[%clk 0:01:29]} 58. Rh4 {[%clk 0:05:50]} Be7 {[%clk 0:00:18]} 59. Rxh5+
{[%clk 0:04:19]} Kd4 {[%clk 0:00:27]} 60. Rh3 {[%clk 0:04:27]} Bc5
{[%clk 0:00:32]} 61. Rxe3 {[%clk 0:04:26]} d1=Q+ {[%clk 0:00:39]} 62. Kxd1
{[%clk 0:04:33]} Kxe3 {[%clk 0:00:48]} 63. Kc2 {[%clk 0:04:37]} Kd4
{[%clk 0:00:57]} 64. Kb3 {[%clk 0:04:41]} Kd3 {[%clk 0:01:04]} 65. a3
{[%clk 0:04:49]} Kd4 {[%clk 0:01:13]} 66. Ka2 {[%clk 0:04:57]} Kxc4
{[%clk 0:01:22]} 67. Kb2 {[%clk 0:05:06]} Kd3 {[%clk 0:01:28]} 68. Kb3
{[%clk 0:05:14]} Bxa3 {[%clk 0:01:29]} 69. Kxa3 {[%clk 0:05:19]} Kc3
{[%clk 0:01:38]} 70. Ka2 {[%clk 0:05:27]} Kb4 {[%clk 0:01:47]} 71. Kb2
{[%clk 0:05:34]} Kxa4 {[%clk 0:01:56]} 0-1

[Event "euyr2018"]
[Site "?"]
[Date "2018.05.26"]
[Round "5.18"]
[White "Korenova, Simona"]
[Black "Blaha, Marek"]
[Result "0-1"]
[BlackElo "1689"]
[WhiteElo "1525"]
[LiveChessVersion "1.4.8"]

1. c4 {[%clk 0:20:18]} Nc6 {[%clk 0:20:14]} 2. d4 {[%clk 0:20:25]} d5
{[%clk 0:20:23]} 3. cxd5 {[%clk 0:20:08]} Qxd5 {[%clk 0:20:32]} 4. Nf3
{[%clk 0:20:16]} e5 {[%clk 0:20:35]} 5. Nc3 {[%clk 0:19:38]} Bb4 {[%clk 0:20:44]}
6. Bd2 {[%clk 0:19:23]} Bxc3 {[%clk 0:20:53]} 7. Bxc3 {[%clk 0:19:29]} e4
{[%clk 0:19:24]} 8. Nd2 {[%clk 0:19:19]} b5 {[%clk 0:19:02]} 9. Qb3
{[%clk 0:18:12]} Be6 {[%clk 0:16:57]} 10. Qxd5 {[%clk 0:16:58]} Bxd5
{[%clk 0:17:05]} 11. a3 {[%clk 0:16:48]} Nf6 {[%clk 0:16:22]} 12. e3
{[%clk 0:16:48]} a6 {[%clk 0:16:26]} 13. Rc1 {[%clk 0:16:25]} O-O
{[%clk 0:16:32]} 14. Be2 {[%clk 0:16:20]} Rfb8 {[%clk 0:15:52]} 15. b4
{[%clk 0:15:39]} Nd7 {[%clk 0:15:36]} 16. O-O {[%clk 0:15:21]} Nb6
{[%clk 0:15:31]} 17. Bd1 {[%clk 0:14:08]} Rb7 {[%clk 0:13:01]} 18. Bb3
{[%clk 0:11:54]} a5 {[%clk 0:12:46]} 19. Bxd5 {[%clk 0:11:38]} Nxd5
{[%clk 0:12:51]} 20. bxa5 {[%clk 0:09:08]} Nxa5 {[%clk 0:13:00]} 21. Bxa5
{[%clk 0:07:54]} Rxa5 {[%clk 0:13:07]} 22. Nxe4 {[%clk 0:07:55]} Rxa3
{[%clk 0:13:12]} 23. Rc5 {[%clk 0:07:36]} Nf6 {[%clk 0:12:13]} 24. Nd2
{[%clk 0:05:49]} b4 {[%clk 0:11:30]} 25. Rb1 {[%clk 0:05:48]} h6 {[%clk 0:10:25]}
26. h3 {[%clk 0:05:49]} Ra2 {[%clk 0:09:31]} 27. Nb3 {[%clk 0:02:26]} Ne4
{[%clk 0:09:11]} 28. Ra5 {[%clk 0:02:00]} Ra7 {[%clk 0:05:58]} 29. Rxa7
{[%clk 0:01:50]} Rxa7 {[%clk 0:06:07]} 30. f3 {[%clk 0:01:09]} Nc3
{[%clk 0:06:03]} 31. Ra1 {[%clk 0:00:25]} Ra3 {[%clk 0:04:10]} 32. Rxa3
{[%clk 0:00:26]} bxa3 33. Na1 {[%clk 0:00:21]} Kf8 {[%clk 0:04:21]} 34. Kf2 Ke7
35. Ke1 {[%clk 0:00:35]} Kd6 {[%clk 0:04:39]} 36. Kd2 {[%clk 0:00:44]} Nd5
{[%clk 0:04:20]} 37. g3 {[%clk 0:00:42]} Nb6 {[%clk 0:03:56]} 38. Kc3
{[%clk 0:00:49]} Kc6 39. Kb3 Nd5 {[%clk 0:02:26]} 40. e4 {[%clk 0:01:06]} Ne3
{[%clk 0:02:34]} 41. Kxa3 {[%clk 0:01:06]} Nf1 {[%clk 0:02:44]} 42. Kb4
{[%clk 0:01:08]} Nd2 {[%clk 0:02:51]} 43. Nb3 {[%clk 0:01:07]} Nxf3
{[%clk 0:02:59]} 44. Na5+ {[%clk 0:01:09]} Kd7 {[%clk 0:02:46]} 45. Kc5
{[%clk 0:01:13]} Ng5 {[%clk 0:02:54]} 46. e5 {[%clk 0:00:45]} Ne4+
{[%clk 0:02:47]} 47. Kd5 {[%clk 0:00:50]} Nxg3 {[%clk 0:02:57]} 48. Nc4
{[%clk 0:00:51]} Ne2 {[%clk 0:01:08]} 49. h4 {[%clk 0:00:23]} Nc3+
{[%clk 0:00:56]} 50. Kc5 {[%clk 0:00:28]} Na4+ {[%clk 0:00:32]} 51. Kb4
{[%clk 0:00:25]} Nb6 {[%clk 0:00:19]} 52. Ne3 {[%clk 0:00:13]} Ke6
{[%clk 0:00:16]} 53. Kb5 {[%clk 0:00:17]} Nd5 {[%clk 0:00:21]} 54. Nd1
{[%clk 0:00:12]} g5 {[%clk 0:00:25]} 55. hxg5 {[%clk 0:00:21]} hxg5
{[%clk 0:00:34]} 56. Kc6 {[%clk 0:00:23]} g4 {[%clk 0:00:40]} 57. Nf2
{[%clk 0:00:29]} g3 {[%clk 0:00:47]} 58. Nh3 {[%clk 0:00:26]} g2 {[%clk 0:00:20]}
59. Ng1 {[%clk 0:00:34]} Nb4+ {[%clk 0:00:24]} 60. Kc5 {[%clk 0:00:32]} Nd3+
{[%clk 0:00:33]} 61. Kc4 {[%clk 0:00:38]} Nxe5+ {[%clk 0:00:18]} 62. dxe5
{[%clk 0:00:40]} Kxe5 {[%clk 0:00:27]} 63. Kd3 {[%clk 0:00:32]} Kf4
{[%clk 0:00:35]} 64. Ke2 {[%clk 0:00:38]} Kg3 {[%clk 0:00:43]} 65. Ke1
{[%clk 0:00:40]} f5 {[%clk 0:00:48]} 66. Ne2+ {[%clk 0:00:43]} Kh2
{[%clk 0:00:35]} 67. Kf2 {[%clk 0:00:49]} c5 {[%clk 0:00:41]} 68. Ng1
{[%clk 0:00:53]} c4 {[%clk 0:00:46]} 69. Nf3+ {[%clk 0:01:00]} Kh1
{[%clk 0:00:52]} 70. Ng1 {[%clk 0:00:26]} c3 {[%clk 0:00:59]} 71. Ne2
{[%clk 0:00:27]} c2 {[%clk 0:01:00]} 72. Ng3+ {[%clk 0:00:14]} Kh2
{[%clk 0:01:09]} 0-1

[Event "euyr2018"]
[Site "?"]
[Date "2018.05.26"]
[Round "5.19"]
[White "Mach, Petr"]
[Black "Sosovickova, Jana"]
[Result "1/2-1/2"]
[BlackElo "1515"]
[WhiteElo "1683"]
[LiveChessVersion "1.4.8"]

1. Nf3 {[%clk 0:20:18]} d5 {[%clk 0:20:14]} 2. d4 {[%clk 0:20:26]} Nf6
{[%clk 0:20:22]} 3. Bf4 {[%clk 0:20:30]} Bf5 {[%clk 0:20:30]} 4. e3
{[%clk 0:20:25]} e6 {[%clk 0:20:29]} 5. Nbd2 {[%clk 0:20:33]} Bd6
{[%clk 0:20:22]} 6. Bxd6 {[%clk 0:20:30]} Qxd6 {[%clk 0:20:25]} 7. c4
{[%clk 0:20:14]} c6 {[%clk 0:19:59]} 8. Be2 {[%clk 0:20:14]} Nbd7
{[%clk 0:19:47]} 9. O-O {[%clk 0:19:25]} O-O {[%clk 0:19:43]} 10. Nh4
{[%clk 0:18:24]} Be4 {[%clk 0:18:40]} 11. Nxe4 {[%clk 0:18:09]} Nxe4
{[%clk 0:18:26]} 12. Nf3 {[%clk 0:18:08]} Rfc8 {[%clk 0:17:07]} 13. c5
{[%clk 0:17:10]} Qc7 {[%clk 0:16:51]} 14. Nd2 {[%clk 0:16:28]} Ndf6
{[%clk 0:16:30]} 15. Nxe4 {[%clk 0:15:48]} Nxe4 {[%clk 0:16:35]} 16. b4
{[%clk 0:14:22]} Nc3 {[%clk 0:15:59]} 17. Qd2 {[%clk 0:14:31]} Nxe2+
{[%clk 0:16:03]} 18. Qxe2 {[%clk 0:14:39]} a6 {[%clk 0:15:50]} 19. a4
{[%clk 0:14:42]} Re8 {[%clk 0:14:58]} 20. f4 {[%clk 0:14:01]} f5 {[%clk 0:14:40]}
21. Rfb1 {[%clk 0:14:01]} Reb8 {[%clk 0:14:12]} 22. Rb3 {[%clk 0:13:20]} Qc8
{[%clk 0:11:55]} 23. Qb2 {[%clk 0:12:48]} Qc7 {[%clk 0:11:45]} 24. b5
{[%clk 0:11:54]} Kf7 {[%clk 0:10:08]} 25. bxc6 {[%clk 0:11:11]} bxc6
{[%clk 0:09:49]} 26. Rb1 {[%clk 0:11:10]} Rxb3 {[%clk 0:09:15]} 27. Qxb3
{[%clk 0:11:19]} Ke7 {[%clk 0:09:07]} 28. a5 {[%clk 0:09:58]} Kd7
{[%clk 0:08:58]} 29. Qb7 {[%clk 0:09:45]} Ra7 {[%clk 0:08:46]} 30. Qxc7+
{[%clk 0:09:52]} Kxc7 {[%clk 0:08:53]} 31. Rb6 {[%clk 0:10:01]} g6
{[%clk 0:08:25]} 32. Kf2 {[%clk 0:09:53]} h6 {[%clk 0:08:04]} 33. h4
{[%clk 0:09:55]} h5 {[%clk 0:07:58]} 34. Ke2 {[%clk 0:09:34]} Ra8
{[%clk 0:07:36]} 35. Kd3 {[%clk 0:09:21]} Ra7 {[%clk 0:07:16]} 36. Rb2
{[%clk 0:09:05]} Rb7 {[%clk 0:07:08]} 37. Rb6 {[%clk 0:09:12]} Ra7
{[%clk 0:07:17]} 38. Kc3 {[%clk 0:08:57]} Ra8 {[%clk 0:07:09]} 39. Kb4
{[%clk 0:08:58]} Rb8 {[%clk 0:06:46]} 40. Ka4 {[%clk 0:09:05]} Ra8
{[%clk 0:06:55]} 41. Rb2 {[%clk 0:08:58]} Rb8 {[%clk 0:07:02]} 42. Rf2
{[%clk 0:08:39]} Kd7 {[%clk 0:05:50]} 43. Rf3 {[%clk 0:07:53]} 1/2-1/2

[Event "euyr2018"]
[Site "?"]
[Date "2018.05.26"]
[Round "5.20"]
[White "Ret, Adam Josef"]
[Black "Sulgan, Igor"]
[Result "1/2-1/2"]
[BlackElo "1122"]
[WhiteElo "1675"]
[LiveChessVersion "1.4.8"]

1. d4 {[%clk 0:20:17]} Nf6 {[%clk 0:20:19]} 2. c4 {[%clk 0:20:26]} g6
{[%clk 0:20:28]} 3. Nc3 {[%clk 0:20:35]} Bg7 {[%clk 0:20:36]} 4. Nf3
{[%clk 0:20:42]} O-O {[%clk 0:20:44]} 5. e4 {[%clk 0:20:51]} d6 {[%clk 0:20:53]}
6. Be2 {[%clk 0:20:59]} e5 {[%clk 0:20:50]} 7. d5 Nbd7 {[%clk 0:20:54]} 8. O-O
{[%clk 0:20:10]} Nc5 {[%clk 0:20:41]} 9. Qc2 {[%clk 0:20:04]} h6 {[%clk 0:20:19]}
10. b4 {[%clk 0:20:11]} Ncd7 {[%clk 0:20:00]} 11. Bb2 {[%clk 0:19:52]} Ne8
{[%clk 0:19:30]} 12. Bd3 {[%clk 0:19:28]} Ndf6 {[%clk 0:18:45]} 13. c5
{[%clk 0:18:57]} Nh7 {[%clk 0:18:26]} 14. Nd2 {[%clk 0:18:20]} f5
{[%clk 0:18:20]} 15. f3 {[%clk 0:18:13]} f4 {[%clk 0:18:02]} 16. Rac1
{[%clk 0:17:06]} g5 {[%clk 0:17:56]} 17. cxd6 {[%clk 0:16:47]} cxd6
{[%clk 0:18:01]} 18. Nb5 {[%clk 0:16:07]} Rf7 {[%clk 0:17:51]} 19. a3
{[%clk 0:15:42]} g4 {[%clk 0:16:25]} 20. Nc3 {[%clk 0:14:41]} Ng5
{[%clk 0:14:54]} 21. Ne2 {[%clk 0:13:16]} Kh8 {[%clk 0:10:10]} 22. Qa4
{[%clk 0:06:20]} gxf3 {[%clk 0:06:31]} 23. Nxf3 {[%clk 0:06:19]} Nxf3+
{[%clk 0:06:00]} 24. Rxf3 {[%clk 0:06:01]} Bg4 {[%clk 0:04:29]} 1/2-1/2

[Event "euyr2018"]
[Site "?"]
[Date "2018.05.26"]
[Round "5.21"]
[White "Cedzo, Adam"]
[Black "Kossuth, Tomas"]
[Result "1/2-1/2"]
[BlackElo "1277"]
[WhiteElo "1487"]
[LiveChessVersion "1.4.8"]

1. e4 {[%clk 0:20:19]} e5 {[%clk 0:20:19]} 2. Nf3 {[%clk 0:20:28]} Nc6
{[%clk 0:20:27]} 3. Bc4 {[%clk 0:20:36]} Bc5 {[%clk 0:20:16]} 4. c3
{[%clk 0:20:43]} Nf6 {[%clk 0:20:08]} 5. d4 {[%clk 0:20:51]} exd4
{[%clk 0:20:17]} 6. cxd4 {[%clk 0:20:52]} Bb4+ {[%clk 0:20:25]} 7. Nc3
{[%clk 0:20:43]} O-O {[%clk 0:20:20]} 8. e5 {[%clk 0:20:46]} Ne4 {[%clk 0:19:24]}
9. Qd3 {[%clk 0:20:07]} d5 {[%clk 0:18:30]} 10. Bb3 {[%clk 0:19:44]} Bf5
{[%clk 0:18:06]} 11. Qe3 {[%clk 0:19:01]} Bg4 {[%clk 0:16:09]} 12. h3
{[%clk 0:18:15]} Bxf3 {[%clk 0:16:13]} 13. gxf3 {[%clk 0:18:21]} Nxc3
{[%clk 0:15:14]} 14. bxc3 {[%clk 0:18:30]} Be7 {[%clk 0:15:23]} 15. Rg1
{[%clk 0:18:22]} Re8 {[%clk 0:13:58]} 16. f4 {[%clk 0:16:54]} Na5
{[%clk 0:12:18]} 17. Bc2 {[%clk 0:16:46]} Bh4 {[%clk 0:10:07]} 18. Qd3
{[%clk 0:16:23]} g6 {[%clk 0:09:05]} 19. Kf1 {[%clk 0:16:08]} f5 {[%clk 0:06:46]}
20. Qd1 {[%clk 0:15:32]} Kh8 {[%clk 0:06:03]} 21. Qf3 {[%clk 0:15:00]} c6
{[%clk 0:04:42]} 22. Rb1 {[%clk 0:14:56]} b6 {[%clk 0:04:51]} 23. Qg2
{[%clk 0:14:52]} Rg8 {[%clk 0:03:57]} 24. Bd3 {[%clk 0:13:46]} Qe7
{[%clk 0:02:36]} 25. Qf3 {[%clk 0:12:50]} Rac8 {[%clk 0:01:34]} 26. Qe2
{[%clk 0:11:25]} c5 {[%clk 0:01:06]} 27. Be3 {[%clk 0:11:26]} c4 {[%clk 0:01:03]}
28. Bc2 {[%clk 0:11:26]} Rb8 {[%clk 0:00:45]} 29. Bd1 {[%clk 0:11:12]} a6
{[%clk 0:00:51]} 30. Bc1 {[%clk 0:10:59]} b5 {[%clk 0:00:49]} 31. Qb2
{[%clk 0:10:56]} Nc6 {[%clk 0:00:56]} 32. Bd2 {[%clk 0:09:26]} Qa7
{[%clk 0:00:51]} 33. Qa3 {[%clk 0:09:20]} Be7 {[%clk 0:00:58]} 34. Qc1
{[%clk 0:09:08]} Qd7 {[%clk 0:00:49]} 35. Bc2 {[%clk 0:07:33]} Qe6
{[%clk 0:00:46]} 36. Qd1 {[%clk 0:07:21]} Rgf8 {[%clk 0:00:41]} 37. Qf3
{[%clk 0:07:18]} Rg8 {[%clk 0:00:45]} 1/2-1/2

[Event "euyr2018"]
[Site "?"]
[Date "2018.05.26"]
[Round "5.22"]
[White "Babjak, Samuel"]
[Black "Sobek, Michal"]
[Result "0-1"]
[BlackElo "1830"]
[WhiteElo "1381"]
[LiveChessVersion "1.4.8"]

1. d4 {[%clk 0:20:19]} Nf6 {[%clk 0:20:19]} 2. Bf4 {[%clk 0:20:27]} d6
{[%clk 0:20:01]} 3. e3 {[%clk 0:20:31]} Nbd7 {[%clk 0:20:03]} 4. Nf3
{[%clk 0:20:36]} b6 {[%clk 0:20:05]} 5. h3 {[%clk 0:20:40]} Bb7 {[%clk 0:20:12]}
6. Bd3 {[%clk 0:20:47]} c5 {[%clk 0:20:20]} 7. c3 {[%clk 0:20:55]} e6
{[%clk 0:20:23]} 8. Nbd2 {[%clk 0:20:56]} e5 {[%clk 0:20:19]} 9. dxe5
{[%clk 0:20:52]} dxe5 {[%clk 0:20:28]} 10. Bg3 {[%clk 0:19:59]} e4
{[%clk 0:20:33]} 11. Bc4 {[%clk 0:19:34]} exf3 {[%clk 0:20:33]} 12. gxf3
{[%clk 0:19:39]} Be7 {[%clk 0:19:17]} 13. Qb3 {[%clk 0:19:43]} O-O
{[%clk 0:19:15]} 14. Rd1 {[%clk 0:19:08]} a6 {[%clk 0:19:15]} 15. a4
{[%clk 0:18:40]} Nb8 {[%clk 0:18:51]} 16. Ne4 {[%clk 0:18:36]} Qc8
{[%clk 0:18:52]} 17. Qxb6 {[%clk 0:18:27]} Nxe4 {[%clk 0:18:57]} 18. fxe4
{[%clk 0:18:29]} Bxe4 {[%clk 0:19:02]} 19. Rg1 {[%clk 0:17:48]} Qc6
{[%clk 0:19:04]} 20. Be5 {[%clk 0:16:52]} Bg6 {[%clk 0:18:31]} 21. Qb3
{[%clk 0:16:06]} Nd7 {[%clk 0:18:38]} 22. Bf4 {[%clk 0:15:19]} Nb6
{[%clk 0:18:20]} 23. Bd3 {[%clk 0:14:56]} c4 {[%clk 0:18:19]} 24. Qa2
{[%clk 0:13:18]} Bxd3 {[%clk 0:18:17]} 25. Bh6 {[%clk 0:13:05]} Qxh6
{[%clk 0:18:24]} 0-1

[Event "euyr2018"]
[Site "?"]
[Date "2018.05.26"]
[Round "5.23"]
[White "Jares, Michal"]
[Black "Kuzma, Samuel"]
[Result "1-0"]
[BlackElo "1372"]
[WhiteElo "1767"]
[LiveChessVersion "1.4.8"]

1. d4 {[%clk 0:20:16]} g6 {[%clk 0:20:19]} 2. Nf3 {[%clk 0:20:24]} Bg7
{[%clk 0:20:26]} 3. g3 {[%clk 0:20:31]} Nf6 {[%clk 0:20:34]} 4. Bg2
{[%clk 0:20:38]} O-O 5. O-O {[%clk 0:20:34]} d6 {[%clk 0:20:43]} 6. c4
{[%clk 0:20:31]} Nbd7 {[%clk 0:20:23]} 7. Nc3 {[%clk 0:20:37]} Rb8
{[%clk 0:20:28]} 8. e4 {[%clk 0:20:41]} c5 {[%clk 0:20:34]} 9. d5
{[%clk 0:20:45]} b6 {[%clk 0:20:37]} 10. Rb1 {[%clk 0:20:40]} Bb7
{[%clk 0:20:40]} 11. Re1 {[%clk 0:20:41]} Re8 {[%clk 0:19:51]} 12. Bf4
{[%clk 0:20:28]} Nf8 {[%clk 0:17:42]} 13. e5 {[%clk 0:19:38]} dxe5
{[%clk 0:17:43]} 14. Nxe5 {[%clk 0:19:08]} Rc8 {[%clk 0:17:38]} 15. Bh3
{[%clk 0:18:12]} N8d7 {[%clk 0:11:51]} 16. Nxd7 {[%clk 0:15:41]} Nxd7
{[%clk 0:11:54]} 17. Qa4 {[%clk 0:14:41]} f5 {[%clk 0:11:15]} 18. Qxa7
{[%clk 0:14:01]} Ba8 {[%clk 0:10:40]} 19. Nb5 {[%clk 0:13:30]} Rf8
{[%clk 0:09:48]} 20. Bc7 {[%clk 0:12:44]} Qe8 {[%clk 0:09:50]} 21. Nd6
{[%clk 0:12:06]} 1-0